| 000 | 01625cam a2200409 a 4500 | ||
|---|---|---|---|
| 001 | 13520440 | ||
| 003 | OSt | ||
| 005 | 20210417112920.0 | ||
| 008 | 040312s2004 nyua b 001 0beng | ||
| 010 | _a 2004046576 | ||
| 020 | _a1400040310 | ||
| 040 |
_aDLC _cDLC _dDLC |
||
| 043 | _an-us--- | ||
| 050 | 0 | 0 |
_aE312 _b.E245 2004 |
| 080 |
_a92 _bE-46 |
||
| 082 | 0 | 0 |
_a973.4/1/092 _aB _222 |
| 100 | 1 | _aEllis, Joseph J. | |
| 245 | 1 | 0 |
_aHis Excellency : _bGeorge Washington / _cJoseph J. Ellis. |
| 250 | _a1st ed. | ||
| 260 |
_aNew York : _bAlfred A. Knopf, _c2004. |
||
| 300 |
_axiv, 320 p. : _bill. ; _c25 cm. |
||
| 365 | _b26.95 usd | ||
| 504 | _aIncludes bibliographical references and index. | ||
| 600 | 1 | 0 |
_aWashington, George, _d1732-1799. |
| 650 | 0 |
_aPresidents _zUnited States _vBiography. |
|
| 650 | 0 |
_aGenerals _zUnited States _vBiography. |
|
| 653 | _aისტორია | ||
| 653 | _aამერიკის შეერთებული შტატების ისტორია | ||
| 653 | _aპრეზიდენტები | ||
| 653 | _aბიოგრაფია | ||
| 856 | 4 | 2 |
_3Contributor biographical information _uhttp://www.loc.gov/catdir/bios/random056/2004046576.html |
| 856 | 4 | 1 |
_3Sample text _uhttp://www.loc.gov/catdir/samples/random051/2004046576.html |
| 856 | 4 | 2 |
_3Publisher description _uhttp://www.loc.gov/catdir/description/random051/2004046576.html |
| 906 |
_a7 _bcbc _corignew _d1 _eocip _f20 _gy-gencatlg |
||
| 942 |
_2udc _cBK |
||
| 999 |
_c205 _d205 |
||